000
00227 a2200097 4500
001
23586
100
_a
Stevenson, R
245
_a
Theory of physics ; an introductory course
260
_a
_b
Sanders
_c
1967
090
_c
15971
_d
15971
942
_a
NUST-CAE
_c
M
_c
6637
999
_c
258659
_d
258659